| 000 | 00818nam a2200229 i 4500 | ||
|---|---|---|---|
| 001 | 35628 | ||
| 003 | ES-MaACL | ||
| 005 | 20251122063111.0 | ||
| 007 | t| | ||
| 008 | 030213s1943 sp ||||1| spa d | ||
| 100 | 1 |
_aBosch Marín, Juan, _d1902-1995 _930660 |
|
| 245 | 1 | 0 |
_aTrabajo, maternidad y lactancia / _cpor Juan Bosch Marín. |
| 260 |
_aMadrid : _bInstituto Nacional de Previsión, _c1943 ( _fMinuesa) |
||
| 300 |
_a16 p. : _bil. ; _c21 cm. |
||
| 490 | 1 | _aPublicaciones del Instituto Nacional de Previsión | |
| 650 | 0 | 0 |
_aMujeres- _xTrabajo- _zEspaña- _yS.XX. _915321 |
| 650 | 0 | 0 |
_aMaternidad. _914852 |
| 710 | 2 |
_aInstituto Nacional de Previsión (España) _95180 |
|
| 830 | 1 |
_aPublicaciones del Instituto Nacional de Previsión _9181151 |
|
| 852 |
_aES-MaACL _j1842-F-10 |
||
| 999 |
_c35628 _d35628 |
||